000 04457cam a22005414i 4500
003 PE-LiUPU
005 20250731180126.0
008 150625s1982 sp a r 001 0 spa d
020 _a9788420005041
035 _a(Sirsi) a31325
040 _aPE-LiUPU
_bspa
_cPE-LiUPU
_erda
041 1 _aspa
_heng
042 _aPRUA
082 0 4 _a574.192
_bS36
_221
100 1 _aSegel, Irwin H.,
_eautor.
245 1 0 _aCalculos de Bioquimica :
_bComo resolver problemas matemáticos de bioquímica general/
_cIrwin H. Segel.
250 _asegunda edición.
264 1 _aZaragoza :
_bAcribia,
_c1982.
300 _a564 páginas :
_bilustraciones;
_c24 cm.
336 _atext
_2rdacontent
337 _aunmediated
_2rdamedia
338 _avolume
_2rdacarrier
504 _aÍndice : páginas 555-564.
505 0 _aQuímica ácido-base -- Disoluciones acuosas -- Constantes de equilibrio -- Ácidos y bases -- Tampones de laboratorio -- Aminoácidos y péptidos -- Tampones sanguíneos -- Problemas prácticos -- Química de moléculas Biológicas -- Aminoácidos, péptidos y proteínas -- Hidratos de carbono -- Lípidos -- Nucleótidos y ácidos nucléicos -- Problemas prácticos -- Energética bioquímica -- Reacciones que producen y reacciones que necesitan energía -- Cálculo de las concentraciones en equilibrio -- Reacciones de oxidación-reducción -- Metabolismo y producción de ATP -- Fosforilación fotosintética -- Transporte activo -- Entalpía y entropía -- Energía de activación -- Problemas prácticos -- Enzimas -- Los enzimas como catalizadores biológicos -- Cinética enzimática -- Orden de reacción -- Método de representación de datos de los cinéticas enzimáticas -- Inhibición enzimática -- Efecto del pH sobre la estabilidad y actividad de los enzimas -- Efecto de la temperatura sobre la estabilidad y actividad de los enzimas -- Ensayos enzimáticos -- Enzimas multisustrato y mecanismos cinéticos -- Enzimas con sitios múltiples y alostéricos -- Recambio enzimático -- Problemas prácticos -- Espectrofotometría y otros métodos ópticos -- Espectrofotometría -- Fluorimetría --Rotación óptica-polarimetría -- Problemas prácticos -- Isótopos en Bioquímica -- Isótopos y desintegración radioactiva -- Disoluciones de compuestos radioactivos -- Ensayos utilizando sustratos radiactivos -- Análisis de doble marcaje -- Vida media biológica-recambio -- Trazadores radioactivos y análisis por dilución --errores de contaje -- Isótopos estables -- Problemas prácticos -- Apéndice -- Propiedades de las disoluciones comerciales concentradas de ácidos y bases -- Fraccionamiento con sulfato amónico sólido -- Fraccionamiento con disolución saturada de sulfato amónico -- Valores de pKa de ácidos y bases utilizados para preparar tampones -- coeficientes de actividad de algunos iones en disolución acuosa -- Factores de corrección de pKa debidos a la fuerza iónica -- Valores de constantes de ionización pKa, pKb, y pI de algunos aminoácidos comunes -- Valores de AG' para la hidrólisis de algunos compuestos de importancia biológica --Potenciales normales de reducción de algunas semirreacción de oxidación-reducción -- Máximos y coeficientes de absorción de algunos compuestos de importancia bioquímica -- Rotación específica de algunos hidratos de carbono y derivados -- Radioisótopos utilizados de investigación biológica -- Respuesta a los problemas prácticos -- Logaritmos -- Números atómicos y pesos atómicos de los elementos.
526 _aSEG44
526 _aSEG26
526 _aP159
526 _aP155
526 _aP154
526 _aP153
526 _aP150
526 _aP100
526 _aP31
526 _aP30
526 _aP26
526 _aP25
526 _aP24
526 _aP22
526 _aP15
526 _aP10
534 _pTítulo original :
_t"Biochemical calculations 2nd edition" How to solve mathematical problems in general biochemistry.
942 _2ddc
_cBOOK
949 _a574.192 S36
_wDEWEY
_c1
_i28207
_lCCODEBUL1
_mBUL
_p00.00
_r0
_sY
_tBOOK
_u2015-06-25
_xBIBLIOTECA
_zUNKNOWN
_0COMPRA
_o.STAFF. Colección General
994 _aCO
_bPEPRU
596 _a1
999 _a574.192 S36
_wDEWEY
_c38867
_i28207
_d38867
_f2021-11-5
_g5
_lCCODEBUL1
_mBUL
_p75.00
_q6
_r0
_sY
_tBOOK
_u2015-6-25
_xBIBLIOTECA
_zUNKNOWN
_0COMPRA
_o.STAFF. Colección Ciencias de la Salud
980 _81
_gALBERTO SANCHEZ Responsable de Automatización